00693 2200277 4500001002100000005001500021035002000036007000300056040001700059100001800076245005800094250001200152300003400164020001800198041000800216082001400224084001400238090002100252264003800273336001500311337001300326338001500339650002600354850001000380990002500390INLIS00000000000686020220620095218 a0010-0622000195ta aSBPUPADbind1 aLengrand Paul00aPengantar Pendidikan Sepanjang Hayat /cPaul Lengrand a.-cet.3 axii, 80 hlm. :bilus. ;c21cm a979-412-035-90 aind142[23]a374 a374 PAU p a374 PAU p L10-R9 0a.--Jakarta :bGunung Agung,c1986 2rdacontent 2rdamedia 2rdacarrier aPendidikan Masyarakat aPUPAD a18070/S/KAPD/PDG2013